Completez ces dates célèbres - Statistiques

Statistiques générales
  • Ce quiz a été pris 38 fois
  • Le résultat moyen est 8 sur 50
Statistiques - réponses
Hint Réponse % Correct
Prise de la Bastille - 14 ? 1789 juillet
93%
Baptême de Clovis - 25 décembre ? 496
43%
Serment du jeu de paume - 20 juin ? 1789
39%
Armistice mettant fin à la 1ère guerre mondiale - ? novembre 1918 11
36%
Capitulation de l'Allemagne - ? mai 1945 8
36%
Débarquement de Normandie - 6 ? 1944 juin
36%
Déclaration d'indépendance américaine - 4 juillet ? 1776
32%
Mort de Louis XIV - 1 septembre ? 1715
29%
Bombardement d'Hiroshima - ? août 1945 6
29%
Exécution de Louis XVI - 21 ? 1793 janvier
29%
Mort de St Louis - 25 août ? 1270
25%
Promulgation du Code civil - 21 mars ? 1804
25%
Début de la Révolution des trois glorieuses - 28 juillet ? 1830
25%
Arrestation des Templiers - 13 octobre ? 1307
21%
Révocation de l'Edit de Nantes - 18 octobre ? 1685
21%
Déclaration de guerre à la Prusse - 19 juillet ? 1870
21%
Sacre de Charlemagne - ? décembre 800 25
21%
Fin de la guerre de Crimée - 30 mars 1856
18%
1ère représentation publique de cinéma - 29 décembre ? 1895
18%
1er pas de l'homme sur la Lune - ? juillet 1969 21
18%
Mort de Henri II - ? juillet 1559 10
14%
Débarquement de Provence - ? août 1944 15
14%
Création de la comédie française - 22 octobre ? 1680
14%
Victoire de Fontenoy - 11 mai ? 1745
14%
Loi sur les Associations - ? juillet 1901 1
11%
Traité instituant la CED - 27 mars ? 1952
11%
Assassinat de Henri III - 1er ? 1589 août
11%
Assassinat de Henri IV - 14 ? 1610 mai
11%
Instauration de l'impôt sur les portes et fenêtres - 24 novembre ? 1798
7%
Le 14 juillet devient fête nationale - 14 juillet ? 1880
7%
Dernier incendie du château de Lunéville ? janvier 2003 2
7%
Prise de Constantinople, fin de l'empire roman d'orient - ? mai 1453 29
7%
Créaton des départements - 23 ? 1790 février
7%
Victoire de Marignan - 13 ? 1515 septembre
7%
Fondation de l'Ecole des Ponts et Chaussées - ? février 1747 14
4%
Inauguration du musée du Louvre - 10 août ? 1793
4%
Victoire de Rocroi - ? mai 1643 19
4%
1ère parution de One Piece - ? juillet 1997 22
4%
An 1 de l'Islam - ? septembre 622 24
4%
Décret abolissant l'esclavage - ? avril 1848 27
4%
Début de parution de l'Encyclopédie - ? juin 1751 28
4%
Loi de séparation des églises et de l'Etat - ? juillet 1905 3
4%
Première exposition des Impressionnistes - 15 ? 1874 avril
4%
Retour des cendres de Napoléon - 15 ? 1940 décembre
4%
Catastrophe minière de Courrières - 10 ? 1906 mars
4%
Le pape Urbain II lance la 1ère croisade - 27 ? 1095 novembre
4%
Traité de Westphalie - 24 ? 1648 octobre
4%
Création de la Banque de France - ? février 1800 13
0%
Début officiel de l'épidémie de Covid19 - ? janvier 2020 30
0%
Adoption du calendrier républicain - ? septembre 1793 5
0%
Aucun quiz correspondant
Distribution des résultats
% des personnes avec chaque résultat
Percentile par nombre de réponses
Votre historique - résultats
Vous n’avez pas pris ce quiz